| 000 | 00369nam a22001697a 4500 | ||
|---|---|---|---|
| 003 | OSt | ||
| 005 | 20170105103451.0 | ||
| 008 | 140107t xxu||||| |||| 00| 0 eng d | ||
| 020 | _a969-35-1819-5 | ||
| 040 | _cASAB | ||
| 100 |
_aAshfaq Ahmad _9536 |
||
| 210 | _2shehr e arzo | ||
| 245 | _aSheher e Arzoo | ||
| 246 | _aShahar e Arzoo | ||
| 300 | 3 | _a340 | |
| 942 |
_2ddc _cBK |
||
| 999 |
_c16807 _d16807 |
||